Management of the economic development

Gespeichert in:
Bibliographische Detailangaben
1. Verfasser: Kozera, Andrzej
Format: Buchkapitel
Sprache:Englisch
Schlagworte:
Tags: Tag hinzufügen
Keine Tags, Fügen Sie das erste Tag hinzu!

MARC

LEADER 00000naa a2200000 4500
001 0182132
005 20231207093915.2
041 0 |a eng 
044 |a SK 
245 1 0 |a Management of the economic development  |c Andrzej Kozera 
610 2 0 |a rozvoj hospodársky 
610 2 0 |a produkcia 
610 2 0 |a produkt domáci hrubý 
610 2 0 |a riadenie hospodárske 
610 2 0 |a manažment 
100 1 |a Kozera, Andrzej